000 00569cam a22002171 4500
001 7415032
005 20180215033617.0
008 750103s1948 xx 000 0 eng
010 _a 48002949
035 _a(OCoLC)1128505
040 _aDLC
_cOYU
_dDLC
041 _aeng
042 _apremarc
080 _a510
082 _2510 MER
100 1 _a36
101 _aMAT
245 1 0 _aPlane geometry,
_cby David P. Smith, Jr. and Anthony I. Marino; with review and diagnostic tests.
906 _a7
_bcbc
_coclcrpl
_du
_encip
_f19
_gy-gencatlg
942 _2ddc
_cBK
999 _c42573
_d42573